Les pays avec un seul voisin - Statistiques

Statistiques générales
  • Ce quiz a été pris 247 fois
  • Le résultat moyen est 9 sur 10
Statistiques - réponses
Question Réponse % Correct
Canada États-Unis
100%
Monaco France
100%
Corée du Sud Corée du Nord
99%
Vatican Italie
99%
Irlande Royaume-Uni
98%
Danemark Allemagne
93%
Qatar Arabie saoudite
93%
Lesotho Afrique du Sud
89%
Papouasie-Nouvelle-Guinée Indonésie
80%
Brunéi Malaisie
65%
Aucun quiz correspondant
Distribution des résultats
% des personnes avec chaque résultat
Percentile par nombre de réponses
Votre historique - résultats
Vous n’avez pas pris ce quiz